[Event "2017 Northern Alberta Open"]
[Site "?"]
[Date "2017.02.18"]
[Round "5"]
[White "Ivanescu, Cristian"]
[Black "Gardner, Robert"]
[Result "1-0"]
[WhiteElo "1781"]
[BlackElo "2288"]
[PlyCount "105"]
[SourceDate "2017.09.01"]

1. d4 Nf6 2. Nf3 e6 3. Bf4 b6 4. Nbd2 Bb7 5. e3 Be7 6. h3 O-O 7. Bd3 {
Tomashevsky tried 7. ...c5 against Giri in 2016 and lost. Leko had better luck
against Kramnik in 2015, earning a draw with the same move. In this case,
black opts for the uncommon 7. ...d5} d5 8. Qe2 Ne4 9. O-O-O c5 10. c3 c4 11.
Bc2 b5 12. Nxe4 dxe4 13. Nd2 f5 {Black has gained space at the cost of
development and pawn structure. White has a protected pawn on d4 that will
figure into the endgame.} 14. g4 Nd7 15. gxf5 exf5 16. Rdg1 Nf6 17. Rh2 Nd5 18.
Rhg2 Bf6 $2 {Seems good at first, but white can combine pressure on the king
with pressure on the center, and something must give for black. Better is 18.
Rf7, limiting white's options.} 19. Bg5 Rf7 20. f3 $1 {Challenging black's
center while threatening to win a pawn. If 20. ...exf3, white will recapture
with the knight, swinging it into action at the same time that the position
opens up for white's c2 bishop.} b4 {Rather than defend, black opts for a
counterattack.} 21. Bxf6 {An immediate 21. fxe4 would put black under more
pressure.} Qxf6 22. fxe4 bxc3 23. Nxc4 cxb2+ 24. Nxb2 Nc3 $2 {Better is 24. ...
fxe4. If white tries to take the pawn on e4, disaster ensues, starting with
Rc8+. The computer favors black here, likely due to the exposure of the white
king. The text move 24. ...Nc3 creates problems for black.} 25. Qc4 $1 Rc8 26.
Rxg7+ Qxg7 27. Rxg7+ Kxg7 28. Qe6 fxe4 29. Nc4 Nxa2+ 30. Kb2 Nb4 31. Bb3 Nd3+
32. Ka3 Rc6 33. Nd6 Ra6+ 34. Ba4 Rf1 35. Qe7+ Kg6 $2 36. Nxb7 {White bravely
takes the piece on b7.} Ra1+ 37. Kb3 R1xa4 38. Qxe4+ Kf6 39. Qh4+ {Taking the
knight leads to a skewer.} Kg7 40. Qe7+ Kh6 41. Qf8+ Kh5 42. Qe8+ (42. Qf5+ Kh6
43. Nd6 {And black has to give up material to avoid checkmate}) 42... Kh4 43.
Qxa4 Rxa4 44. Kxa4 Kxh3 45. Nc5 Nb2+ $2 (45... Ne1 {Even after a long think,
the computer believes black can hold the draw with 45. ...Ne1. The practical
chances are with white, however.}) 46. Kb5 Nd1 47. e4 {White's pawns are
unstoppable. The white knight is perfectly positioned to assist them forward.}
Kg4 48. d5 Kg5 49. e5 Kg6 50. d6 Kf7 51. e6+ Ke8 52. Nb7 Nc3+ 53. Kc6 1-0

[Event "2017MOK"]
[Site "Calgary"]
[Date "2017.??.??"]
[Round "4.1"]
[White "Findlay, Ian"]
[Black "Haessel, Dale"]
[Result "1-0"]
[WhiteElo "2290"]
[BlackElo "2286"]
[PlyCount "61"]
[EventDate "2017.??.??"]
[SourceDate "2017.09.01"]
[TimeControl "90+30"]

1. e4 e5 2. Nf3 Nc6 3. Bc4 Bc5 4. c3 Nf6 5. d3 d6 6. O-O O-O 7. Re1 Bb6 8. a4
a6 9. Nbd2 Ne7 (9... Na7) 10. a5 Ba7 11. Nf1 Ng6 12. h3 Be6 13. Bb3 Nh5 14. d4
Nhf4 15. Ng3 Qf6 16. Bc2 h6 17. Nf5 Rfb8 (17... Rab8 18. Be3 (18. Bb3) 18...
Bxf5 19. exf5 Ne7 20. dxe5 dxe5 21. Bxa7) 18. Be3 Bxf5 19. exf5 Ne7 20. dxe5
dxe5 21. Bxa7 Rxa7 22. Rxe5 Raa8 23. Qd4 g5 24. fxg6 fxg6 25. Rxe7 Nxh3+ 26.
gxh3 Qxe7 (26... Rd8) 27. Bxg6 Rd8 28. Qg4 (28. Qc4+) 28... Rf8 29. h4 Kh8 30.
h5 Qe2 31. Kg2 1-0

[Event "2017MOK"]
[Site "Calgary"]
[Date "2017.??.??"]
[Round "2.3"]
[White "Timmerman, Brian"]
[Black "Haessel, Dale"]
[Result "0-1"]
[WhiteElo "1754"]
[BlackElo "2286"]
[PlyCount "62"]
[EventDate "2017.??.??"]
[SourceDate "2017.09.01"]
[TimeControl "90+30"]

1. e4 e5 2. Nf3 Nc6 3. Bb5 a6 4. Ba4 Nf6 5. O-O Be7 6. Re1 b5 7. Bb3 O-O 8. c3
d6 9. h3 Nb8 10. d4 Nbd7 11. Nbd2 Bb7 12. Bc2 Re8 13. Nf1 Bf8 14. Ng3 g6 (14...
g5) 15. a4 c5 16. d5 c4 17. Bg5 h6 18. Be3 Qc7 19. Qd2 h5 20. Ra3 Nc5 21. Rea1
(21. Raa1 Nfd7 22. axb5 axb5 23. Rxa8 Rxa8) 21... Nfd7 22. axb5 axb5 23. Rxa8
Rxa8 24. Rxa8 Bxa8 25. Bh6 Bg7 26. Bg5 Nf6 27. Qe2 Qa7 28. Qd1 Bb7 29. Nh4 Bc8
30. Kh2 Ng4+ 31. hxg4 Bxg4 0-1

[Event "2017JohnSchleinich"]
[Site "Calgary"]
[Date "2017.??.??"]
[Round "3.2"]
[White "Kobalenko, Jerry"]
[Black "Haessel, Dale"]
[Result "1-0"]
[WhiteElo "2173"]
[BlackElo "2294"]
[PlyCount "73"]
[EventDate "2017.??.??"]
[SourceDate "2017.09.01"]

1. Nf3 Nf6 2. g3 b5 3. a4 {Taking this game into unfamiliar territory. More
common is Bg2, followed by castling.} b4 4. c4 Bb7 5. d4 c5 6. Bg2 e6 7. O-O
Be7 8. e3 O-O 9. b3 d5 10. Nbd2 Nc6 11. Bb2 Ne4 12. Nxe4 (12. cxd5 exd5 13.
Nxe4 dxe4 14. Nd2) 12... dxe4 13. Nd2 {Allowing f5, which will let the e4 pawn
remain firmly lodged in white's position.} cxd4 14. exd4 f5 15. Nxe4 {...
unless white sacrifices his knight to remove it. -/+} fxe4 16. Bxe4 Bf6 {
The unusual 16. ...Na5 should be considered here, threatening the b3 pawn,
while also threatening to trade off white's protective bishop. The response 17.
Bc2 allows black to begin piling up on the d4 pawn, while potentially moving
the queen onto the vulnerable h1-a8 diagonal.} 17. Qh5 h6 {17. ...g6 is more
forcing. The text move allows 18. Qg6, afterwhich black must choose between
taking a repetition or allowing his king to be flushed into the open into a
losing position.} 18. Rad1 Na5 19. Bc2 Qc7 20. Rfe1 Rfe8 21. Qg6 Kf8 22. Bc1
Qf7 23. Qh7 Qg8 24. Qg6 Qf7 25. Qh7 Re7 26. Bf4 Rd8 27. Be3 Red7 $4 {A blunder,
though hardly obvious. Black would have a nice position here after 27. ...Bf3,
up material, digging into white's position, and allowing his knight back into
the game via b7. Instead, white is able to play 28. d5, exposing the c5-f8
diagonal leading to the king, and allowing the rook access to the fourth rank.}
28. d5 Be7 (28... exd5 29. Bg6 Qg8 30. Bc5+ Be7 31. Bxe7+ Rxe7 32. Qxg8+ Kxg8
33. Rxe7 {and black will sufffer substantial material loss while white's
pieces will be able to easily coordinate an attack on the king.}) 29. Rd4 e5
30. Rg4 {Threatening 30. ...Rxg7 or Bxh6.} Rd6 31. Bxa7 Bc8 32. Rg6 Nb7 33.
Rxe5 Bf6 34. Qh8+ Qg8 35. Qxg8+ Kxg8 36. Re1 Kf7 37. Kg2 {Black has defused
white's attack, but white has four pawns for the knight, including multiple
protected passed pawns. According to Kobalenko, his plan was to secure the g6
rook and protect the d5 pawn before pushing c5.} 1-0

[Event "2017 Edmonton International"]
[Site "?"]
[Date "2017.06.21"]
[Round "2"]
[White "Porper, Edward"]
[Black "Haessel, Dale"]
[Result "1-0"]
[WhiteElo "2468"]
[BlackElo "2316"]
[PlyCount "79"]
[SourceDate "2017.09.01"]

1. d4 Nf6 2. c4 g6 3. Nf3 Bg7 4. e3 O-O 5. Be2 c5 6. d5 e6 7. Nc3 exd5 8. cxd5
d6 9. O-O Re8 10. Nd2 a6 11. a4 Nbd7 12. e4 Rb8 13. f4 h5 14. a5 b5 15. axb6
Nxb6 16. h3 Qc7 17. Bf3 c4 18. Na4 Bh6 19. Nxb6 Rxb6 20. Ra4 Qc5+ 21. Kh1 Rb4
22. Rxb4 Qxb4 23. Qc2 Bxf4 24. Nxc4 Bxc1 (24... Nxd5 25. exd5) 25. Rxc1 Bd7 26.
Qc3 Qxc3 27. bxc3 Nxe4 28. Bxe4 Rxe4 29. Nxd6 Re5 30. c4 Kf8 31. Rd1 Ke7 32. c5
Re2 33. Nb7 Rc2 34. c6 Bxc6 (34... Bc8 35. d6+) 35. dxc6 Rxc6 36. Kg1 Rc7 37.
Na5 Rc5 38. Nb3 Rb5 39. Nd4 Ra5 40. Nc6+ 1-0

[Event "2017 Edmonton International"]
[Site "?"]
[Date "2017.06.22"]
[Round "4"]
[White "Matras-Clement, Agnieszka"]
[Black "Haessel, Dale"]
[Result "1/2-1/2"]
[WhiteElo "2305"]
[BlackElo "2316"]
[PlyCount "73"]
[SourceDate "2017.09.01"]

1. e4 e5 2. Bc4 Nf6 3. d3 c6 (3... d5 4. exd5 Nxd5 5. Nf3 Nc6) 4. Nf3 d5 5. Bb3
Bd6 6. exd5 Nxd5 7. O-O O-O 8. Re1 Re8 9. Nbd2 Bc7 10. Ne4 Nd7 11. Bg5 N7f6 12.
h3 Bf5 13. Nh4 Be6 14. c4 Nf4 15. Nxf6+ gxf6 16. Bxf4 exf4 17. d4 Qd6 18. d5
cxd5 19. cxd5 Bd7 20. Qh5 Re5 21. Qh6 Rae8 22. Rxe5 fxe5 23. Qg5+ Kh8 24. Bc2
Rg8 (24... e4 25. Re1 (25. Nf5 Qe5 26. Nh6 Rf8 27. Qxe5+ Bxe5 28. Bxe4 f5 29.
Bf3 Kg7) 25... f3 26. g3 Rg8 27. Qh6) 25. Qh5 Rg7 26. Nf5 Bxf5 27. Qxf5 Qxd5
28. Be4 Qd2 29. Qc8+ Bd8 30. Bf3 Rg8 31. Qxb7 Bb6 32. Qxf7 Qxf2+ 33. Kh1 Qc5
34. Be4 Rg7 35. Qe8+ Rg8 36. Qf7 Rg7 37. Qe8+ 1/2-1/2

[Event "2017 Edmonton International Qualifier"]
[Site "?"]
[Date "2017.04.30"]
[Round "4"]
[White "Darvekar, Yash"]
[Black "Harder, Nancy"]
[Result "1-0"]
[WhiteElo "1586"]
[BlackElo "1329"]
[PlyCount "37"]
[SourceDate "2017.09.01"]

1. e4 c5 2. Nf3 Nc6 3. c3 e6 4. d4 cxd4 5. cxd4 d6 6. Nc3 a6 7. Bf4 Nf6 8. Bc4
b5 9. Bb3 b4 10. Ne2 Nxe4 11. Qd3 d5 12. Ba4 Bb7 13. Rc1 Rc8 14. Ne5 Qb6 15.
Qc2 Be7 16. Nxc6 O-O (16... Bxc6) 17. Nxe7+ Kh8 18. Nxc8 Rxc8 19. Qxc8+ 1-0

[Event "2017MOK"]
[Site "Calgary"]
[Date "2017.??.??"]
[Round "2.4"]
[White "Kobalenko, Jerry"]
[Black "Harris, Adam"]
[Result "1-0"]
[WhiteElo "2211"]
[BlackElo "1868"]
[PlyCount "61"]
[EventDate "2017.??.??"]
[SourceDate "2017.09.01"]
[TimeControl "90+30"]

1. Nf3 Nf6 2. g3 g6 3. b3 Bg7 4. Bb2 O-O 5. Bg2 d5 6. O-O c5 7. d4 cxd4 8. Nxd4
Nc6 9. Nd2 Qb6 10. e3 e5 11. Nxc6 bxc6 12. Bxe5 Bg4 13. Qc1 Rfe8 14. Bd4 c5 15.
Bb2 Rad8 16. h3 Bf5 17. g4 Bc8 18. Re1 h5 19. g5 Ne4 20. Bxg7 Kxg7 21. Nxe4
Rxe4 22. Qb2+ Kg8 23. Bxe4 dxe4 24. Rad1 Re8 25. Qf6 Qa5 26. Re2 Qb6 27. Rd6
Qb5 28. c4 Qa5 29. Red2 Qa3 30. Rd8 Qc1+ 31. Rd1 1-0

[Event "2017MOK"]
[Site "Calgary"]
[Date "2017.??.??"]
[Round "5.2"]
[White "Haessel, Dale"]
[Black "Harris, Adam"]
[Result "1-0"]
[WhiteElo "2286"]
[BlackElo "1868"]
[PlyCount "59"]
[EventDate "2017.??.??"]
[SourceDate "2017.09.01"]
[TimeControl "90+30"]

1. d4 Nf6 2. c4 e6 3. Nc3 Bb4 4. e3 O-O 5. Nge2 d5 6. a3 Be7 7. Nf4 b6 8. cxd5
exd5 9. g3 c6 10. Bg2 (10. Nd3 c5 11. Bg2 Ba6) 10... Ba6 11. Nd3 c5 12. O-O
cxd4 13. exd4 Nc6 14. Re1 Bb7 15. Nf4 Na5 16. Qd3 Nb3 17. Ncxd5 Bxd5 18. Nxd5
Nxc1 19. Nxe7+ Qxe7 20. Raxc1 Qd7 21. Bxa8 Rxa8 22. Rc2 h5 23. Rec1 h4 24. Rc7
Qh3 25. Qc4 Rf8 26. Rc8 Ng4 27. Rxf8+ Kh7 28. Qd3+ g6 29. Rxf7+ (29. Rf1) 29...
Kh6 30. Qd2+ 1-0

[Event "2017 Edmonton International Qualifier"]
[Site "?"]
[Date "2017.04.30"]
[Round "5"]
[White "Ludwig, David"]
[Black "Kalisvaart, Peter"]
[Result "1-0"]
[WhiteElo "1853"]
[BlackElo "2076"]
[PlyCount "87"]
[SourceDate "2017.09.01"]

1. c4 Nc6 2. Nf3 e5 3. Nc3 g6 4. g3 Bg7 5. Bg2 Nge7 6. O-O O-O 7. d3 d6 8. Ne1
f5 9. f4 exf4 10. Bxf4 Nd4 11. Qd2 c6 12. Bh6 Qb6 13. Be3 f4 14. gxf4 Nef5 15.
Bf2 Qa5 16. Nf3 Ne6 17. e3 d5 18. cxd5 (18. d4 dxc4 19. Ne5) 18... cxd5 19. d4
b6 20. Nxd5 Qxd5 21. Ne5 Qd8 22. Bxa8 Ba6 23. Bg2 Bxf1 24. Rxf1 g5 25. Nc6 Qd6
26. fxg5 Nxg5 27. Qb4 Qxb4 28. Nxb4 Re8 29. Re1 Ne4 30. Bxe4 Rxe4 31. Nd5 Kf7
32. Nc3 Re8 33. Kg2 b5 34. a3 Rb8 35. Ne4 b4 36. axb4 Rxb4 37. Re2 Bf8 38. Rc2
Rb3 39. Ng5+ Kg6 40. Ne6 Bh6 41. e4 Ne3+ 42. Bxe3 Rxe3 43. e5 Kf5 44. Nc5 1-0

[Event "2017 Alberta Seniors Championship"]
[Site "?"]
[Date "2017.04.09"]
[Round "4"]
[White "Daniluk, Jim"]
[Black "Karmali, Hafiz"]
[Result "1/2-1/2"]
[WhiteElo "1964"]
[BlackElo "1982"]
[PlyCount "63"]
[SourceDate "2017.09.01"]

1. d4 Nf6 2. Nf3 e6 3. c4 Ne4 4. Nbd2 f5 5. g3 b6 6. Bg2 Bb7 7. O-O c5 8. e3 (
8. d5 exd5 9. cxd5 Bxd5 10. Ng5 Qxg5 11. Nxe4 Qg6) 8... d6 9. Qa4+ Nd7 10. Re1
Be7 11. Qc2 O-O 12. b3 Ndf6 13. dxc5 bxc5 14. Ng5 Nxg5 15. Bxb7 Nh3+ 16. Kg2
Rb8 17. Bf3 Ng5 18. Be2 Qc7 19. h4 Qb7+ 20. f3 Ng4 21. Nf1 Nf7 22. Bb2 Bf6 23.
Rad1 Rbd8 24. Bxf6 Nxf6 25. Bd3 g5 (25... Ne5) 26. Bxf5 exf5 27. Qxf5 Qe7 (
27... Ne5 28. Qxg5+ Kh8) 28. hxg5 Nh5 29. f4 Ng7 30. Qd5 Qe6 31. Rd3 Qxd5+ 32.
Rxd5 1/2-1/2

[Event "2017MOK"]
[Site "Calgary"]
[Date "2017.??.??"]
[Round "4.11"]
[White "Qin, Kevin"]
[Black "Khoshooei, Milad"]
[Result "*"]
[WhiteElo "1158"]
[BlackElo "1304"]
[PlyCount "35"]
[EventDate "2017.??.??"]
[SourceDate "2017.09.01"]
[TimeControl "90+30"]

1. e4 e5 2. Nf3 Nc6 3. d4 d6 4. dxe5 Nxe5 5. Nxe5 dxe5 6. Qxd8+ Kxd8 7. Nc3 c6
8. Bc4 f6 9. O-O Kc7 10. Be3 Bb4 11. Ne2 Bg4 12. f3 Bh5 13. Ng3 Bg6 14. a3 Ba5
15. b4 Bb6 16. Bxb6+ axb6 17. Rfd1 h5 (17... b5 18. Bb3 h5 19. Nf5 Bxf5 20.
exf5 Ne7 21. Be6 Rad8 22. c4 g6 23. fxg6 Nxg6 24. Bf5 Nf4 25. Kf2 Rhg8 26. g3)
18. h4 *

[Event "InternationalQualifier"]
[Site "Calgary"]
[Date "2017.??.??"]
[Round "3.5"]
[White "Bin Shoeb, Mashad"]
[Black "Kluytmans, Frank"]
[Result "1-0"]
[WhiteElo "1848"]
[BlackElo "1658"]
[PlyCount "83"]
[EventDate "2017.??.??"]
[SourceDate "2017.09.01"]

1. e4 c5 2. Bc4 e6 3. Nf3 Nc6 4. O-O a6 5. c3 Qc7 6. Na3 b5 7. Be2 Nf6 8. d3
Be7 9. Nc2 O-O 10. h3 h6 11. Be3 d5 12. exd5 Nxd5 13. d4 c4 14. Qd2 Nxe3 15.
Nxe3 Rd8 16. Qc2 Bb7 17. Rad1 Bf8 18. Ng4 Ne7 19. Nge5 Nd5 20. Nd2 Nf4 21. Bf3
Bxf3 22. Ndxf3 f6 23. Ng6 Nxg6 24. Qxg6 Qf7 25. Qe4 Rd5 26. Rfe1 Re8 27. b3 g5
28. bxc4 bxc4 29. Nd2 Ra5 30. Ra1 Ra3 31. Nxc4 Rxc3 32. d5 e5 33. Rac1 (33.
Rab1) 33... Rxc1 34. Rxc1 Rd8 35. Rd1 Bc5 36. a4 Bd4 37. Ne3 Bxe3 38. fxe3 Kg7
39. Qc4 f5 40. Qc6 Qa7 41. Rd3 f4 42. a5 1-0

[Event "2017MOK"]
[Site "Calgary"]
[Date "2017.??.??"]
[Round "4.3"]
[White "Timmerman, Brian"]
[Black "Kobalenko, Jerry"]
[Result "0-1"]
[WhiteElo "1754"]
[BlackElo "2211"]
[PlyCount "32"]
[EventDate "2017.??.??"]
[SourceDate "2017.09.01"]
[TimeControl "90+30"]

1. e4 c5 2. Nf3 e6 3. d4 cxd4 4. Nxd4 a6 5. Nc3 Qc7 6. g3 b5 7. Bg2 Bb7 8. a3
Nf6 9. O-O b4 10. axb4 Bxb4 11. Re1 Nc6 12. Nd5 exd5 13. c3 Nxd4 14. Qxd4 Bc5
15. exd5+ Kf8 16. d6 Bxd4 0-1

[Event "InternationalQualifier"]
[Site "Calgary"]
[Date "2017.??.??"]
[Round "1.2"]
[White "Dave, Bhavik"]
[Black "Kobalenko, Jerry"]
[Result "1-0"]
[WhiteElo "1845"]
[BlackElo "2176"]
[PlyCount "51"]
[EventDate "2017.??.??"]
[SourceDate "2017.09.01"]

1. d4 Nf6 2. c4 g6 3. Nc3 Bg7 4. e4 d6 5. f4 c5 6. d5 O-O 7. Nf3 Nbd7 8. Bd3 e6
9. O-O exd5 10. exd5 Re8 11. f5 Ng4 12. Bg5 Bf6 13. fxg6 hxg6 14. Qd2 Kg7 15.
h3 Bxg5 16. Nxg5 Nh6 17. Nxf7 Nxf7 18. Rxf7+ Kxf7 19. Qh6 Nf8 20. Rf1+ Bf5 21.
Bxf5 Kg8 (21... Kf6 22. Bxg6+) 22. Bxg6 Re7 23. Ne4 Nxg6 24. Nf6+ Kf7 25. Qh7+
Kf8 26. Qg8# 1-0

[Event "2017MOK"]
[Site "Calgary"]
[Date "2017.??.??"]
[Round "1.4"]
[White "Sharma, Vishruth"]
[Black "Kobalenko, Jerry"]
[Result "0-1"]
[WhiteElo "1608"]
[BlackElo "2211"]
[PlyCount "58"]
[EventDate "2017.??.??"]
[SourceDate "2017.09.01"]
[TimeControl "90+30"]

1. e4 c5 2. Nf3 e6 3. d4 cxd4 4. Nxd4 a6 5. Be3 Nf6 6. Nc3 Qc7 7. f3 Bb4 8. Qd2
d5 9. Bd3 e5 10. Nb3 d4 11. Nxd4 exd4 12. Bxd4 (12. Ne2) 12... Nbd7 13. O-O-O
Bc5 14. Qe3 O-O 15. g4 Bxd4 16. Qxd4 Qf4+ 17. Kb1 Ne5 18. Rhf1 Nxf3 19. Qf2
Bxg4 20. Be2 Nd2+ 21. Ka1 Qxf2 22. Rxf2 Bxe2 23. Rxe2 Nc4 24. e5 Ng4 25. e6
fxe6 26. Rxe6 Rae8 27. Rxe8 Rxe8 28. h4 Nge3 29. Rc1 Rf8 0-1

[Event "2017 Edmonton International Qualifier"]
[Site "?"]
[Date "2017.04.29"]
[Round "2"]
[White "Windram, James"]
[Black "Koperski, Dustin"]
[Result "1-0"]
[WhiteElo "1359"]
[BlackElo "1760"]
[PlyCount "39"]
[SourceDate "2017.09.01"]

1. e4 c5 2. Nf3 g6 3. d4 cxd4 4. Nxd4 Nc6 5. Nc3 Bg7 6. Be3 Nf6 7. Bc4 Qa5 8.
f3 Qb4 9. Ndb5 O-O 10. Bb3 a6 11. Na3 Nxe4 12. fxe4 Bxc3+ 13. bxc3 Qxa3 {
Black is up a pawn, but white has full compensation in the open f-file, bishop
pair, and weakened squares around the black king.} 14. Bh6 Rd8 $4 {A blunder
that falls to a surprising tactic. Better is 14. ...Qc5, giving up the
exchange but grabbing a pawn on c3 with check. The material is roughly equal,
with the computer giving a slight edge to black, as the white king will be
exposed.} (14... Qc5 15. Bxf8 Qxc3+ 16. Kf2 Kxf8) 15. Bxf7+ Kxf7 $4 {The king
has to retreat to h8 instead and attempt to survive. Accepting the bishop
leads to forced mate.} 16. O-O+ {An uncommon notation!} Kg8 17. Qf3 Qc5+ 18.
Kh1 Qc4 {Nothing more black can do.} 19. Qf8+ Rxf8 20. Rxf8# {With the queen
sac to finish off the opponent.} 1-0

[Event "2017MOK"]
[Site "Calgary"]
[Date "2017.??.??"]
[Round "3.2"]
[White "Haessel, Dale"]
[Black "Kostadinov, Georgi"]
[Result "1-0"]
[WhiteElo "2286"]
[BlackElo "2081"]
[PlyCount "52"]
[EventDate "2017.??.??"]
[SourceDate "2017.09.01"]
[TimeControl "90+30"]

1. d4 d5 2. c4 c6 3. Nc3 Nf6 4. e3 a6 5. Nf3 Bf5 6. Be2 e6 7. Nh4 Be4 8. f3 Bg6
9. O-O c5 10. cxd5 exd5 11. Nxg6 hxg6 12. Qc2 Bd6 13. a3 cxd4 14. exd4 Nc6 15.
Be3 Kf8 16. Rfe1 Qc7 17. Bf1 Na5 18. Rac1 Rc8 19. Bf2 b5 20. Qb1 Qb7 21. a4 Nc4
22. axb5 axb5 23. Nxb5 Qxb5 24. b3 Qd7 25. bxc4 dxc4 26. Qa1 (26. Qa2 c3 27.
Rc2 Bb4 28. Qb3 Qd6 29. Bc4) 26... c3 1-0

[Event "2017 Edmonton International Qualifier"]
[Site "?"]
[Date "2017.04.29"]
[Round "2"]
[White "Young, Joseph"]
[Black "MacDonald, Dean"]
[Result "1-0"]
[WhiteElo "1784"]
[BlackElo "1426"]
[PlyCount "51"]
[SourceDate "2017.09.01"]

1. d4 Nf6 2. Bf4 d5 3. e3 c5 4. c3 Nc6 5. Bd3 cxd4 6. exd4 e6 7. Nf3 Bd6 8. Bg3
Ne4 9. Bxe4 dxe4 10. Nfd2 Bxg3 11. hxg3 f5 12. Qh5+ g6 13. Qh6 (13. Qxg6+ hxg6
14. Rxh8+) 13... Qe7 14. Na3 Bd7 15. Nac4 O-O-O 16. b4 Rdf8 17. b5 Nd8 18. a4
Nf7 19. Qe3 Nd6 20. Nxd6+ Qxd6 21. Nc4 Qe7 22. Qf4 g5 23. Qe5 Qf6 24. Qc5+ Kb8
25. Qd6+ Kc8 26. b6 1-0

[Event "2017 Edmonton International Qualifier"]
[Site "?"]
[Date "2017.04.29"]
[Round "3"]
[White "Koperski, Dustin"]
[Black "Mah, Sydney"]
[Result "1-0"]
[WhiteElo "1760"]
[BlackElo "1317"]
[PlyCount "63"]
[SourceDate "2017.09.01"]

1. e4 e6 2. b3 d5 3. Bb2 Nd7 4. exd5 exd5 5. Qe2+ Qe7 6. Qxe7+ Nxe7 7. Nc3 Nf6
8. h3 a6 9. Nf3 Nc6 10. Be2 Bf5 11. d3 Bb4 12. O-O O-O 13. Nd1 Rfe8 14. Ne3 h6
15. a3 Bc5 16. Nxf5 Rxe2 17. Rac1 (17. Nxh6+ gxh6 18. Bxf6 Rxc2) 17... Rd8 18.
Nxh6+ gxh6 19. Bxf6 Rd6 20. Bb2 d4 21. Rfe1 Rde6 22. Kf1 Rxe1+ 23. Rxe1 Rxe1+
24. Nxe1 b5 25. Ke2 Bb6 26. Kf3 Ne7 27. Ke4 f5+ 28. Ke5 c5 29. Bc1 Kf7 30. Kd6
Ke8 31. Bxh6 Kd8 32. Bg5 1-0

[Event "2017 Alberta Seniors Championship"]
[Site "?"]
[Date "2017.04.08"]
[Round "2"]
[White "Findlay, Ian"]
[Black "Majaducon, Willy"]
[Result "*"]
[WhiteElo "2300"]
[BlackElo "1821"]
[PlyCount "83"]
[SourceDate "2017.09.01"]

1. e4 d6 2. d4 c6 3. Nc3 Qc7 4. Be3 e5 5. Qd2 Nf6 6. f3 d5 7. exd5 (7. dxe5
Qxe5 8. Bd4 Qe6) 7... Nxd5 8. Nxd5 cxd5 9. dxe5 Qxe5 10. O-O-O Be7 11. Bf4 Qf6
12. Ne2 Be6 13. h4 h6 14. Bg5 Qe5 15. Bxe7 Kxe7 16. Nf4 Rd8 17. Bd3 Nc6 18.
Rde1 Qc7 19. Bf5 Rd6 20. Bxe6 fxe6 21. Nxd5+ Rxd5 22. Qxd5 Qf4+ 23. Kb1 Qf6 24.
Qb5 Kf8 25. Rd1 Rc8 26. Rd7 a6 27. Qc5+ Ne7 28. Qb4 b5 29. Qd4 Rc4 30. Qxf6+
gxf6 31. Rhd1 Nd5 32. Rh7 Rc5 33. c3 Kg8 34. Ra7 Rc6 35. Rd4 f5 36. g4 f4 37.
Kc2 Rd6 38. Kd2 e5 39. Rd3 Kf8 40. b3 Ke8 41. a3 Rd8 42. Rxa6 *

[Event "2017 Edmonton International"]
[Site "?"]
[Date "2017.06.22"]
[Round "5"]
[White "Arruebarrena, Rafael"]
[Black "Matras-Clement, Agnieszka"]
[Result "1/2-1/2"]
[WhiteElo "2323"]
[BlackElo "2305"]
[PlyCount "59"]
[SourceDate "2017.09.01"]

1. e4 c5 2. Nf3 Nc6 3. d4 cxd4 4. Nxd4 Nf6 5. Nc3 e6 6. Nxc6 bxc6 7. e5 Nd5 8.
Ne4 Qc7 9. f4 Qb6 10. c4 Bb4+ 11. Ke2 Ba6 12. Kf3 f5 (12... Ne7 13. a3 Bc5 14.
b4) (12... Nc7 13. Be3 Qb7 14. c5) 13. exf6 Nxf6 14. c5 Qa5 15. Nxf6+ gxf6 16.
Bxa6 Qxa6 17. Qd4 Qb5 18. Be3 O-O-O 19. Rhc1 Ba5 20. b4 e5 21. Qc4 Qxc4 22.
Rxc4 Bc7 23. a4 a6 24. b5 cxb5 25. axb5 axb5 26. Rb4 Kb7 27. Rxb5+ Kc6 28. Rb3
Ra8 29. Rxa8 Rxa8 30. fxe5 1/2-1/2